000 00304nam a22001217a 4500
008 160423b xxu||||| |||| 00| 0 eng d
020 _a9780136129806
020 _a978013619806
041 _aeng
080 _a618.2
245 _aFoundations of nursing research:
_cRose Mare Nieswiadomy;
942 _2udc
_cBK
999 _c1532
_d1532